Pensamiento pontificio sobre el bien común / (Record no. 117008)

MARC details
000 -LEADER
campo de control de longitud fija 00686nam a2200229 i 4500
001 - NÚMERO DE CONTROL
campo de control 117008
003 - IDENTIFICADOR DE NÚMERO DE CONTROL
campo de control ES-MaACL
005 - FECHA Y HORA DE LA ÚLTIMA TRANSACCIÓN
campo de control 20250727034609.0
007 - CAMPO FIJO DE DESCRIPCIÓN FÍSICA--INFORMACIÓN GENERAL
campo de control de longitud fija t|
008 - DATOS DE LONGITUD FIJA--INFORMACIÓN GENERAL
campo de control de longitud fija 071121s1956 sp |||| | spa d
080 ## - NÚMERO DE LA CLASIFICACIÓN DECIMAL UNIVERSAL
Número de la Clasificación Decimal Universal 304:282
245 00 - MENCIÓN DEL TÍTULO
Título Pensamiento pontificio sobre el bien común /
Mención de responsabilidad, etc. Rafael González Moralejo.
260 ## - PUBLICACIÓN, DISTRIBUCIÓN, ETC.
Lugar de publicación, distribución, etc. Madrid :
Nombre del editor, distribuidor, etc. Euramérica,
Fecha de publicación, distribución, etc. [1956]
300 ## - DESCRIPCIÓN FÍSICA
Extensión XVII, 307 p. ;
Dimensiones 18 cm.
490 1# - MENCIÓN DE SERIE
Mención de serie Bien común ;
Designación de volumen o secuencia 8
650 #7 - PUNTO DE ACCESO ADICIONAL DE MATERIA--TÉRMINO DE MATERIA
Término de materia o nombre geográfico como elemento de entrada Iglesia y problemas sociales
Fuente del encabezamiento o término embne
9 (RLIN) 13569
650 #4 - PUNTO DE ACCESO ADICIONAL DE MATERIA--TÉRMINO DE MATERIA
Término de materia o nombre geográfico como elemento de entrada Bien común.
9 (RLIN) 156263
700 1# - ENTRADA AGREGADA--NOMBRE PERSONAL
Nombre de persona González Moralejo, Rafael.
9 (RLIN) 58824
830 0# - PUNTO DE ACCESO ADICIONAL DE SERIE-TÍTULO UNIFORME
Título uniforme Bien común ;
Designación de volumen o secuencia 8
9 (RLIN) 183448
852 ## - LOCALIZACIÓN
Ubicación ES-MaACL
Número de control de estantería C-11938
Holdings
Estatus retirado Estado de pérdida Estado de daño No para préstamo Biblioteca de origen Biblioteca actual Ubicación en estantería Fecha de adquisición Fuente de adquisición Total de préstamos Signatura topográfica completa Código de barras Visto por última vez Precio de reemplazo Tipo de ítem Koha
        Biblioteca del Ateneo de Madrid Biblioteca del Ateneo de Madrid Sala Palomar 17/01/2008     C-11938 1121997 23/02/2023 23/02/2023 Libro impreso